COUNSELLING A COMPREHENSIVE PROFESSION (Record no. 15085)
[ view plain ]
| 000 -LEADER | |
|---|---|
| fixed length control field | 00276nam a22001217a 4500 |
| 003 - CONTROL NUMBER IDENTIFIER | |
| control field | SGT |
| 082 ## - DEWEY DECIMAL CLASSIFICATION NUMBER | |
| Classification number | 150 |
| Item number | C17G |
| 100 ## - MAIN ENTRY--PERSONAL NAME | |
| Personal name | GLODDING, SAMUEL T. |
| 245 ## - TITLE STATEMENT | |
| Title | COUNSELLING A COMPREHENSIVE PROFESSION |
| 250 ## - EDITION STATEMENT | |
| Edition statement | 7TH |
| 260 ## - PUBLICATION, DISTRIBUTION, ETC. (IMPRINT) | |
| Place of publication, distribution, etc | INDIA |
| Name of publisher, distributor, etc | PERSON |
| Year of Publication | 2018 |
| 942 ## - ADDED ENTRY ELEMENTS (KOHA) | |
| Source of classification or shelving scheme | Dewey Decimal Classification |
| Koha item type | Books |
| 942 ## - ADDED ENTRY ELEMENTS (KOHA) | |
| -- | 2 |
| Withdrawn status | Lost status | Source of classification or shelving scheme | Damaged status | Not for loan | Collection code | Home library | Current library | Shelving location | Date acquired | Vendor Name | Cost, normal purchase price | SGTU | Bill Number | Total Checkouts | Full call number | Accession No. (Barcode) | Date last seen | Date last borrowed | Bill Date | Koha item type | Total Renewals |
|---|---|---|---|---|---|---|---|---|---|---|---|---|---|---|---|---|---|---|---|---|---|
| Dewey Decimal Classification | MEDICAL | SGT Engineering Library | SGT Engineering Library | Text Book | 05/02/2018 | ABC | 529.00 | SGTU | 9089 | 21 | 150 C17G | FM10467 | 16/05/2025 | 09/05/2025 | 13/12/2017 | Books | |||||
| Dewey Decimal Classification | MEDICAL | SGT Engineering Library | SGT Engineering Library | Text Book | 05/02/2018 | ABC | 529.00 | SGTU | 9089 | 22 | 150 C17G | FM10469 | 05/09/2025 | 22/08/2025 | 13/12/2017 | Books | 1 | ||||
| Dewey Decimal Classification | MEDICAL | SGT Medical Library | SGT Medical Library | Text Book | 05/02/2018 | ABC | 529.00 | SGTU | 9089 | 3 | 150 C17G | FM10466 | 14/05/2024 | 22/02/2024 | 13/12/2017 | Books | |||||
| Dewey Decimal Classification | MEDICAL | SGT Medical Library | SGT Medical Library | Text Book | 05/02/2018 | ABC | 529.00 | SGTU | 9089 | 5 | 150 C17G | FM10468 | 18/11/2021 | 02/11/2021 | 13/12/2017 | Books | |||||
| Dewey Decimal Classification | MEDICAL | SGT Medical Library | SGT Medical Library | Text Book | 05/02/2018 | ABC | 529.00 | SGTU | 9089 | 6 | 150 C17G | FM10470 | 17/10/2025 | 14/08/2025 | 13/12/2017 | Books |